000 04127nam a22003137i 4500
001 TCPA 32
003 gtcocun
005 20250911212536.0
006 a||||gr|||| 00| 0
008 250911b2016 gt ||||| m||| 00| 0 eng d
040 _agtcocun
_bSPA
_cgtcocun
_eRDA
041 _aSPA
084 _0TCPA 32
100 _aYalibat Pacay, Heidy Azucena
_eAutor
245 _aInforme final del Ejercicio Profesional Supervisado, realizado en Exxon Constructora, ubicada en Cobán, Alta Verapaz/
_cHeidy Azucena Yalibat Pacay
_hImpreso
264 _aCobán, Alta Verapaz:
_bUniversidad de San Carlos de Guatemala, Centro Universitario del Norte, Licenciatura en Contaduría Pública y Auditoría.
_c2016
300 _a41 p.:
_bIlustraciones, gráficas.
_c28 cm; PDF
336 _2rdacontenido
_aTexto
_btxt
337 _2rdamedio
_aComputadora
_bn
338 _2rdasoporte
_aCódigo en línea
_bcr
502 _e.
502 _aTesis de grado
_bLicenciatura en Contaduría Pública y Auditoría.
_cUniversidad de San Carlos de Guatemala, Centro Universitario del Norte, Licenciatura en Contaduría Pública y Auditoría.
_d2016
_oTCPA 32
520 1 4 _aEl ejercicio profesional supervisado (E.P.S.) de la carrera de contaduría pública y auditoria del Centro Universitario del Norte, es un programa, desarrollado en el plano de la docencia, la investigación y los servicios, por medio del cual el estudiante confronta la teoría con la práctica en las comunidades o unidades del medio urbano-rural guatemalteco, asesorado y supervisado por profesores de la carrera, coadyuvando a la búsqueda de soluciones de los principales problemas de la región. En este ejercicio se detectaron los hallazgos de propiedad, planta y equipo que no muestran información veraz y confiable, debido al incorrecto cálculo de depreciaciones, falta de determinación del costo de arrendamiento de maquinaria, los saldos de la contabilidad para los años 2013 y 2014 no son confiables, ya que se realizaron con fines de presentar la declaración jurada anual del impuesto sobre la renta ante la superintendencia de administración tributaria. Las soluciones planificadas para la ejecución del ejercicio profesional supervisado consistieron en la implementación de control en el rubro de propiedad, planta y equipo; implementación de sistemas de costo para la determinación del arrendamiento de maquinaria y reconstrucción de los registros contables correspondientes a los años 2013 y 2014 para mantener actualizada la información y coadyuvar a la toma de decisiones por parte de la administración y/o departamento financiero para obtener información financiera en forma adecuada y mejorar, para evitarse alguna infracción tributaria. Dentro de los alcances obtenidos cabe mencionar la reestructuración de la contabilidad del año 2013 y 2014, actualización de inventario propiedad, planta y equipo, la verificación y corrección en los cálculos de depreciaciones. Las limitaciones en la ejecución del plan de trabajo fueron la falta de información y la debida documentación que respaldaban alguna de las transacciones realizadas, ello se debe a la rotación de personal; no se pudo corroborar el estado físico de algunas herramientas y maquinaria presentada en libros de inventario ya que la empresa presta servicios en el exterior del país, dentro de la reestructuración contable también se limitó en la confirmación de saldos debido al cruce de cuentas mal operadas en años anteriores. Es importante mencionar que dada la realidad y exigencias empresariales actuales la información debe ser comparable, verificable, oportuna y comprensible y que las mismas permitan tomar decisiones que conlleven al cumplimiento de los objetivos.
650 1 4 _2LEMB
_aCobán, Alta Verapaz
_xregistros contables
_xpropiedad
_xcostos
700 _aLic. Selvin Wotzbelli Castellanos Reyes
_eAsesor
856 _uhttps://drive.google.com/file/d/1KIgqpZI0uQJyvimEU5shPWqkkMgyKxb1/view?usp=sharing
_yPDF
_zUn ejemplar en línea.
942 _2ddc
_cTES
_iTCPA_32
_kClasificación
_n0
_6TCPA__32
999 _c1811
_d1811